Faraidul Lughat, Arabic Synonymes (Record no. 323)

MARC details
000 -LEADER
fixed length control field 00571nam a2200241 a 4500
020 ## - INTERNATIONAL STANDARD BOOK NUMBER
ISBN
082 00 - DEWEY DECIMAL CLASSIFICATION NUMBER
Classification number 492.73
Author Cutter LAM
100 ## - MAIN ENTRY--AUTHOR NAME
Author name Lammens, H
245 ## - TITLE STATEMENT
Title Faraidul Lughat, Arabic Synonymes
260 ## - PUBLICATION, DISTRIBUTION, ETC. (IMPRINT)
Place of publication Beirut
Name of publisher Catholic Press
Year of publication 1889
300 ## - PHYSICAL DESCRIPTION
Number of Pages 527p
500 ## - GENERAL NOTE
General note includes index and biblioraphy
505 2# - FORMATTED CONTENTS NOTE
Formatted contents note Vocabulary
650 ## - SUBJECT ADDED ENTRY--TOPICAL TERM
Topical Term Dictionary-Arabic
942 ## - ADDED ENTRY ELEMENTS (KOHA)
Koha item type Books
700 1# -
-- Lammens, H
Holdings
Collection code Home library Current library Date acquired Cost, normal purchase price Full call number Accession Number Koha item type
  Henry Martyn Institute Library Henry Martyn Institute Library 09/17/2008 100.00 492.73 LAM 00337 Books
                   Copyright © 2026 | Henry Martyn Institute | Hyderabad | TS-500052 | INDIA | Implemented by hmi.edu.in
Hit-Count:

Powered by Koha